000 00364nam a2200145Ia 4500
001 23386
003 GE_BSU
008 181216s||||||||xx |||||||||||||| ||und||
040 _cGE_BSU
245 _aLe point, 5 Avril №2379. 2018
653 _aLe point, 5 Avril №2379. 2018
653 _aПериодика
653 _aპერიოდიკა
942 _cCR
999 _c56275
_d56275